Opening Lines - Novellas Quiz Stats

 Plays Quiz Updated Sep 27, 2019

Score 0/20 Timer 07:00
3 Plays Today
Opening Line Novella % Correct
Mr. Jones, of the Manor Farm, had locked the hen-houses for the night, but was too drunk to remember to shut the pop-holes.Animal Farm
89.1%
He was an old man who fished alone in a skiff in the Gulf Stream and he had gone eighty-four days now without taking a fish.The Old Man and the Sea
79.2%
Marley was dead: to begin with.A Christmas Carol
70.8%
A few miles south of Soledad, the Salinas River drops in close to the hill-side bank and runs deep and green.Of Mice and Men
57.7%
One morning, as Gregor Samsa was waking up from anxious dreams, he discovered that in bed he had been changed into a monstrous vermin.The Metamorphosis
54.9%
The Nellie, a cruising yawl, swung to her anchor without a flutter of the sails, and was at rest.Heart of Darkness
54.8%
No one would have believed in the last years of the nineteenth century that this world was being watched keenly and closely by intelligences greater than man's...The War of the Worlds
52.8%
Mother died today.The Stranger
46.4%
I am always drawn to places where I have lived, the houses and their neighborhoods.Breakfast at Tiffany's
25.2%
A green and yellow parrot, which hung in a cage outside the door, kept repeating over and over: 'Allez vous-en! Allez vous-en! Sapristi! That’s all right!'The Awakening
23.1%
Opening Line Novella % Correct
A merry little surge of electricity piped by automatic alarm from the mood organ beside his bed awakened Rick Deckard.Do Androids Dream of Electric Sheep?
22.2%
I had the story, bit by bit, from various people, and, as generally happens in such cases, each time it was a different story.Ethan Frome
21.7%
It is a sin to write this.Anthem
18.2%
As usual, at five o'clock that morning reveille was sounded by the blows of a hammer on a length of rail hanging up near the staff quarters.One Day in the Life of Ivan Denisovich
12.6%
Gustav Aschenbach, or von Aschenbach, as his official surname had been since his fiftieth birthday, had taken another solitary walk from his apartment...Death in Venice
9.9%
I am a rather elderly man.Bartleby, the Scrivener
8.6%
Hazel Motes sat at a forward angle on the green plush train seat, looking one minute at the window as if he might want to jump out of it...Wise Blood
4.6%
A very little boy stood upon a heap of gravel for the honor of Rum Alley.Maggie: A Girl of the Streets
4.5%
During the winter of 1927-28 officials of the Federal government made a strange and secret investigation of certain conditions in the ancient Massachusetts seaport of Innsmouth.The Shadow Over Innsmouth
4.2%
What determined the speech that startled him in the course of their encounter scarcely matters, being probably but some words spoken by himself quite without intention...The Beast in the Jungle
2.1%

You're not logged in!

Compare scores with friends on all Sporcle quizzes.
OR
Log In

Sporcle TV

Today on Sporcle TV


Watch our educational content, quiz creation guides, and fun videos on Sporcle TV.

Show Comments

Extras

Top Quizzes Today


Score Distribution

Your Account Isn't Verified!

In order to create a playlist on Sporcle, you need to verify the email address you used during registration. Go to your Sporcle Settings to finish the process.

Report this User

Report this user for behavior that violates our Community Guidelines.

Details: